00572nam a2200169 a 450000100100000000500170001000800410002704000250006808200150009310000350010824500550014326000450019830000200024304900090026395201130027299900170038500002805720200930031319.0110406s1993 dr 000 0 spa d aDO-SdBNPbspacBNPHU axxxbA742c1 aArnaiz, Francisco José9696010aCatecismo y catecismos /cFrancisco José Arnaiz. aSanto Domingo :bAmigo del Hogar,c1993. a39 p. ;c21 cm. aBNPD 0010718PDaPDbPDcCTd2011-04-06iLF1l0oxxx A742cp28057-10r2020-06-25w2020-06-25yLFPDZNo se presta c27549d27549